000 00231nam a22000977a 4500
999 _c264745
_d264744
020 _a9780689866852
100 _aAndrew Clements
245 _aLunch money
260 _aNew York
_bAtheneum Books for Young Readers
_c2005
942 _cBK